ნორმალური ფორმატი
MARC ფორმატი
ჩანაწერი Personal Name
ჩანაწერთა რაოდენობა, რომელიც გამოყენებულია: 1
001 - CONTROL NUMBER
- control field: 6489
003 - CONTROL NUMBER IDENTIFIER
- control field: GE_BSU
005 - DATE AND TIME OF LATEST TRANSACTION
- control field: 20200129152209.0
008 - FIXED-LENGTH DATA ELEMENTS
- fixed length control field: 200129|| aca||aabn | a|a d
040 ## - CATALOGING SOURCE
- Original cataloging agency: GE_BSU
- Transcribing agency: GE_BSU
100 ## - HEADING--PERSONAL NAME
- Personal name: ელაივა, ირაკლი
- Relator term: მთავარი რედაქტორი
670 ## - SOURCE DATA FOUND
- Source citation: Work cat.: (GE_BSU)49546: გოგმაჩაძე, თემურ 118, შავი ზღვის აღმოსავლეთ ნაწილის,ანატოლიის სანაპირო შელფის და საქართველოს შიგაწყალსატევების იხთიოფაუნა,გენეზისი,ბიოლოგია,დღევანდელი მდგომარეობა და დაცვა :
